000 00588nam a2200169 a 4500
001 BRCA_1385
005 20190320203414.0
008 800510s1978 mx-a---###---f000-0#spa-#
050 4 _aDP226
_b.D53 1978
100 1 _aDíaz de Ovando, Clementina
_9850
245 1 0 _aCarlos VII, el primer Borbón en México
_cClementina Díaz de Ovando.
260 _aMéxico
_bUNAM, Dirección General de Publicaciones
_c1978
300 _a138 p.
_bil.
_c24 cm.
600 1 4 _aCarlos
_cPríncipe de borbón
_d1848-1909
_xRecorrido
_zMéxico
_94533
650 1 4 _aOpinión pública
_zMéxico
_94534
942 _2lcc
_cB
999 _c1247
_d1247